000 00577nam a2200229Ia 4500
003 OSt
005 20220918204535.0
006 a|||||r|||| 00| 0
007 ta
008 220917b |||||||| |||| 00| 0 eng d
024 _a113,214
037 _cTextual
040 _aARTS
_cARTS
_beng
041 _2eng
_aeng
082 _aV53:4wL40, J4
100 _aFrancois D A
_9112373
245 0 _aAdelaide of Brunswick tr by Hobart Ryland
260 _c1954
650 _aHISTORY
942 _hV53:4wL40, J4
_cTEXL
_2CC
999 _c236547
_d236547